000 00903nam a2200253Ia 4500
003 OSt
005 20220927110449.0
006 a|||||r|||| 00| 0
007 ta
008 220926b |||||||| |||| 00| 0 eng d
024 _a105632
037 _cReports
040 _aRTL
_cRTL
_beng
041 _2eng
_aeng
082 _a"X9(KZ31:7):51.2.N5t, J5"
110 _a"India, Government Of .... Food & Agriculture (Ministry Of-). Marketing & Inspection (Directorate Of-)"
_9378506
245 0 _aReport on the marketing of skins in India
260 _c1985
490 _aAgricultural Marketing In India Marketing Series
650 _aAnimal Husbandry Industry
700 _a"India, Government Of .... Food & Agriculture (Ministry Of-). Marketing & Inspection (Directorate Of-)"
_9378507
942 _h"X9(KZ31:7):51.2.N5t, J5"
_cCC
999 _c696827
_d696827